Thuốc thú y; T1

Sparad:
Bibliografiska uppgifter
Huvudupphovsman: Nguyễn, Hữu Ninh
Materialtyp: Bok
Språk:Undetermined
Publicerad: Hà Nội Nông Nghiệp 1985
Ämnen:
Taggar: Lägg till en tagg
Inga taggar, Lägg till första taggen!
Thư viện lưu trữ: Trung tâm Học liệu Trường Đại học Cần Thơ
LEADER 00608nam a2200181Ia 4500
001 CTU_13922
008 210402s9999 xx 000 0 und d
082 |a 636.08951 
082 |b N312/T1 
100 |a Nguyễn, Hữu Ninh 
245 0 |a Thuốc thú y; T1 
245 0 |c Nguyễn Hữu Ninh, Bạch Đăng Phong 
260 |a Hà Nội 
260 |b Nông Nghiệp 
260 |c 1985 
650 |a veterinary drugs,veterinary medicine 
904 |i Minh, Mai chuyển số PL từ 636.089 thành636.08951 chưa in nhãn 
980 |a Trung tâm Học liệu Trường Đại học Cần Thơ